Lady Gaga - Bad Romance [lyrics] - Statistics

General Stats
  • This quiz has been taken 60 times
  • The average score is 51 of 95
Answer Stats
Answer % Correct
a
100%
bad
100%
I
100%
(I
100%
roma
100%
romance
100%
romance)
100%
you
98%
your
95%
love
93%
love)
93%
(love
93%
want
93%
(want
93%
in
91%
oh
91%
“oh
91%
oh)
91%
(oh
91%
and
88%
me
82%
as
80%
Gaga
80%
revenge
80%
caught
79%
(caught
79%
la
79%
la”
79%
it
77%
ma
75%
free
73%
ra
73%
long
70%
could
66%
ah
64%
it’s
63%
baby
61%
baby)
61%
that
61%
be
57%
disease
57%
the
57%
write
57%
know
55%
need
55%
don’t
54%
you’re
54%
everything
52%
wanna
52%
friends
50%
ugly
50%
of
48%
all
43%
kiss
41%
I’m
39%
psycho
39%
sand
38%
touch
38%
‘cause
36%
(‘cause
36%
lover’s
36%
my
36%
vertigo
34%
bitch
32%
drama
32%
je
32%
mine
32%
sick
32%
amour
30%
hand
30%
no
30%
ta
30%
criminal
29%
fashion
27%
walk
27%
et
25%
horror
25%
work
25%
design
23%
move
23%
revanche
23%
ton
23%
veux
23%
crazy
21%
leather-studded
18%
passion
18%
hey
16%
hey)
16%
(hey)
16%
shtick
14%
(shtick
14%
rear
13%
window
13%
huh
5%
back)
2%
No matching quizzes found
Score Distribution
Percent of People with Each Score
Percentile by Number Answered
Your Score History
You have not taken this quiz